Bohaterowie MCU według filmów - Statystyki

Ogólne statystyki
  • Ten quiz został rozwiązany 915 razy
    548 od ostatniego zresetowania
  • Średni wynik to 140 z 232
Statystyki odpowiedzi
Film Postać % Poprawnych
"Avengers" (2012) | "Avengers: Age of ______" (2015) | "Avengers: Endgame" (2019) | +4 others Iron Man
100%
Tony Stark
100%
Bruce Banner
99%
"Incredible ____" (2008) Hulk
99%
"____" (2011) | "____: Ragnarok" (2017) | "____: The Dark World" (2013) Thor
98%
"_______ _______: Civil War" (2016) | "_______ _______: The First Avenger" (2011) | "_______ _______: The ______ _______" (2014) Kapitan Ameryka
97%
"______-___:Far From Home" (2019) Spider-Man
95%
Czarna Wdowa
94%
Spider-Man
94%
Loki
87%
Czarna Pantera
84%
Groot
82%
"___-___ and the ____" (2018) | "___-___" (2015) Ant-Man
81%
Dr Hank Pym
81%
Hank Pym
81%
Hawkeye
80%
Thanos
80%
Doctor Strange
78%
"______ ______" (2016) Dr Stephen Strange
78%
Gamora
78%
"Guardians of the Galaxy Vol. 2" (2017) Star-Lord
78%
James Buchanan “Bucky” Barnes
75%
Winter Soldier
75%
"Guardians of the Galaxy" (2014) Peter Quill
74%
Star Lord
74%
Rocket
73%
Hope Van Dyne
71%
Janet van Dyne
71%
Nick Fury
71%
Odyn
71%
Osa
71%
The Wasp
71%
Ultron
71%
Nick Fury
69%
Scarlet Witch
68%
Drax
67%
"_______ ______" (2019) Kapitan Marvel
67%
Vision
67%
Michelle
62%
MJ
62%
Doctor Strange
61%
Dr Stephen Strange
61%
Nebula
57%
Hela
56%
War Machine
56%
Quicksilver
55%
Falcon
54%
Happy Hogan
54%
Pepper Potts
52%
Virginia "Pepper" Potts
52%
Ned
51%
Ned Leeds
51%
Mantis
47%
Mysterio
46%
Jane Foster
45%
Red Skull
45%
Shuri
45%
Peggy Carter
43%
Peggy Carter
42%
Sharon Carter
42%
Walkiria
40%
Wong
40%
Ciocia May
39%
May Parker
39%
Ego
38%
Agentka Maria Hill
36%
Maria Hill
36%
Erik Killmonger
34%
Okoye
33%
Heimdall
32%
Vulture
32%
Yondu
30%
Agent Coulson
29%
Agent Phil Coulson
29%
Frigga
27%
Starożytna
26%
Mordo
25%
Sif
20%
M'Baku
19%
Korg
18%
Morgan Stark
18%
Król T'Chaka
17%
Christine Palmer
12%
Nakia
12%
Zuri
10%
Everett K. Ross
8%
Kaecilius
8%
Ramonda
8%
Shocker
8%
Ayo
7%
Maria Rambeau
6%
Yon-Rogg
6%
Ayesha
5%
Happy Hogan
4%
Mar-Vell
4%
Ava
3%
Eitri
3%
Taserface
3%
Keller
2%
Stakar Ogord
2%
Nie znaleziono quizów pasujących do podanych kryteriów
Rozkład punktacji
Procent ludzi z każdym wynikiem
Percentyl według liczby udzielonych odpowiedzi
Twoja historia wyników
Nie rozwiązałeś tego quizu od ostatniego zresetowania